000
00329nam a2200145Ia 4500
008
230718s9999 xx 000 0 und d
041
_a
Eng.
082
_a
490.07
_b
BRA-F
100
_a
Brain 0. Jacobs
245
0
_a
Frautceied aities
260
_a
Pakistan
_b
Chapman Hall
_c
1882
300
_a
302
650
_a
Law
999
_c
26127
_d
26127